Pojistný obzor časopis československého státního pojištění

Na minha lista:
Detalhes bibliográficos
Formato: Periódico
Idioma:tcheco
Publicado em: Praha Státní nakladatelství technické literatury 1982
Assuntos:
Tags: Adicionar Tag
Sem tags, seja o primeiro a adicionar uma tag!

MARC

LEADER 00000nas2a22000001 4500
001 s123047
005 20230512070218.8
022 |a 0032-2393 
041 0 |a cze 
044 |a CZ 
245 1 0 |a Pojistný obzor  |b časopis československého státního pojištění 
264 1 |a Praha  |b Státní nakladatelství technické literatury  |c 1982 
300 |a 1 zv. 
773 0 |w eu_un_cat*s120012 
610 2 0 |a poistenie 
610 2 0 |a poisťovníctvo